An american family /

שמור ב:
מידע ביבליוגרפי
Main Authors: Galluccio, Micheal (Author), Galluccio, Jon (Author)
מחברים אחרים: Groff, David
פורמט: ספר
שפה:אנגלית
יצא לאור: New York : St. Martin's Press, 2001
תגים: הוספת תג
אין תגיות, היה/י הראשונ/ה לתייג את הרשומה!

MARC

LEADER 00000nam a22000007i 4500
001 IT\ICCU\UBO\2587506
003 ItRI
005 20260115231815.0
008 041112s2001 xxu|||||| ||||| |||||c
020 |a 0312261233 
040 |b ita  |c importazione bologna sebina 
041 7 |a eng  |2 ISO-639-2 
100 1 |a Galluccio, Micheal  |0 IT\ICCU\UBOV\924529  |4 aut 
245 1 3 |a An american family /  |c Jon and Michael Galluccio with David Groff. 
260 |a New York :  |b St. Martin's Press,  |c 2001 
300 |a X, 266 p. :  |b ill. ;  |c 25 cm. 
700 1 |a Galluccio, Jon  |0 IT\ICCU\UBOV\924530  |4 aut 
700 1 |a Groff, David  |0 IT\ICCU\UBOV\389738 
942 |2 ddc  |c BK  |n 0 
952 |0 0  |1 0  |4 0  |6 DOC_362_734000000000000_GAL  |7 0  |9 13118  |a BO  |b BO  |d 2026-01-15  |i 6066  |l 0  |o DOC 362.734 GAL  |p BO6066  |r 2026-01-15 23:18:15  |w 2026-01-15  |x [Sebina 5] [1 v.]  |y BK  |z 1 v. 
999 |c 11246  |d 11246